The criminal law handbook : (Record no. 1343)

MARC details
000 -LEADER
fixed length control field 02137cam a2200325Ia 4500
003 - CONTROL NUMBER IDENTIFIER
control field data
005 - DATE AND TIME OF LATEST TRANSACTION
control field 20260322212056.0
008 - FIXED-LENGTH DATA ELEMENTS--GENERAL INFORMATION
fixed length control field data
020 ## - INTERNATIONAL STANDARD BOOK NUMBER
International Standard Book Number 9781413316209
020 ## - INTERNATIONAL STANDARD BOOK NUMBER
International Standard Book Number 1413316204
040 ## - CATALOGING SOURCE
Original cataloging agency BTCTA
Language of cataloging eng
Transcribing agency BTCTA
Modifying agency UtOrBLW
-- SXP
-- RCJ
-- YHK
-- QBX
-- CDX
-- BDX
-- OSU
-- UtOrBLW
043 ## - GEOGRAPHIC AREA CODE
Geographic area code n-us---
049 ## - LOCAL HOLDINGS (OCLC)
Holding library OSUU
050 #4 - LIBRARY OF CONGRESS CALL NUMBER
Classification number KF9619.85
Item number .B47 2011
082 04 - DEWEY DECIMAL CLASSIFICATION NUMBER
Classification number 345.73/05
Edition information 23
092 ## - LOCALLY ASSIGNED DEWEY CALL NUMBER (OCLC)
Classification number 345.73 B47 2011
001 - CONTROL NUMBER
control field data
100 1# - MAIN ENTRY--PERSONAL NAME
Personal name Bergman, Paul,
Dates associated with a name 1943-
245 14 - TITLE STATEMENT
Title The criminal law handbook :
Remainder of title know your rights, survive the system /
Statement of responsibility, etc. Paul Bergman, Sara J. Berman-Barrett & Nolo (Firm).
250 ## - EDITION STATEMENT
Edition statement 12th ed.
260 ## - PUBLICATION, DISTRIBUTION, ETC.
Place of publication, distribution, etc. Berkeley, Calif. :
Name of publisher, distributor, etc. Nolo,
Date of publication, distribution, etc. 2011.
300 ## - PHYSICAL DESCRIPTION
Extent 652 p. ;
Dimensions 23 cm.
500 ## - GENERAL NOTE
General note Includes index.
504 ## - BIBLIOGRAPHY, ETC. NOTE
Bibliography, etc. note Includes bibliographical references and index.
505 0# - FORMATTED CONTENTS NOTE
Formatted contents note Talking to the police -- Search and seizure -- Arrest : when it happens, what it means -- Eyewitness identification : psychology and procedures -- Booking and bail : checking in and out of jail -- From suspect to defendant -- Criminal defense lawyers -- Understanding the attorney-client relationship in a criminal case -- A walk through criminal court -- Arraignments -- Developing the defense strategy -- Crimespeak : understanding the language of criminal laws -- Defensespeak : common defenses to criminal charges -- Discovery : exchanging information with the prosecution -- Investigating the facts -- Preliminary hearings -- Fundamental trial rights of the defense -- Basic evidence rules in criminal trials -- Motions and their role in criminal cases -- Plea bargains : how most criminal cases end -- The trial process -- Sentencing -- Appeals -- How the criminal justice system works -- Juvenile courts and procedures -- Prisoners' rules -- Looking up the law.
520 ## - SUMMARY, ETC.
Summary, etc. Answers questions about the criminal court system, discussing the roles of lawyers, police, and judges, and covering such topics as bail, preliminary hearings, evidence, lineups, and sentencing.
650 #0 - SUBJECT ADDED ENTRY--TOPICAL TERM
Topical term or geographic name entry element Criminal procedure
Geographic subdivision United States
Form subdivision Popular works.
700 1# - ADDED ENTRY--PERSONAL NAME
Personal name Berman-Barrett, Sara J.,
Dates associated with a name 1964-
710 2# - ADDED ENTRY--CORPORATE NAME
Corporate name or jurisdiction name as entry element Nolo (Firm)
Holdings
Withdrawn status Lost status Damaged status Not for loan Home library Current library Shelving location Date acquired Total checkouts Full call number Barcode Date last seen Price effective from Koha item type
        Liberty Liberty General stacks 22/03/2026   345.73/05 23 BC0011386 22/03/2026 22/03/2026 Books